Del culto a la cultura: elementos para una crítica de la razón histórica
সংরক্ষণ করুন:
| প্রধান লেখক: | |
|---|---|
| বিন্যাস: | গ্রন্থ |
| ভাষা: | স্প্যানিশ |
| প্রকাশিত: |
Buenos Aires
Katz Editores
2007
|
| সংস্করন: | 1a. ed |
| মালা: | Conocimiento, 3036
|
| বিষয়গুলি: | |
| ট্যাগগুলো: |
ট্যাগ যুক্ত করুন
কোনো ট্যাগ নেই, প্রথমজন হিসাবে ট্যাগ করুন!
|
MARC
| LEADER | 00000cam a2200000 a 4500 | ||
|---|---|---|---|
| 001 | UCF9998 | ||
| 003 | CL-VaPUC | ||
| 008 | 131227e20070000ag |||||||||||||||||spa|d | ||
| 020 | |a 9789871283545 | ||
| 082 | 0 | 4 | |a 306.6 |b TAU |2 21 |
| 100 | |a Taubes, Jacob |e autor |9 572404 | ||
| 245 | 1 | 0 | |a Del culto a la cultura: elementos para una crítica de la razón histórica |
| 250 | |a 1a. ed | ||
| 300 | |a 398 p | ||
| 942 | |c BK | ||
| 945 | |d 20131227 10:32:00 |a dcastane | ||
| 260 | |a Buenos Aires |b Katz Editores |c 2007 | ||
| 650 | 0 | |a Sociología cultural |9 337005 | |
| 650 | 0 | |a Sociología de la historia |9 471869 | |
| 583 | |a last modification |c 20131227 10:32:00 |k Rodrigo Vera | ||
| 490 | 0 | |a Conocimiento, 3036 | |
| 999 | |c 354321 |d 354319 | ||
| 952 | |0 0 |1 0 |3 erb |4 0 |6 306_600000000000000_TAU_2007 |7 0 |8 A |9 460103 |a BIBART |b BIBART |i 5037433 |o 306.6 TAU 2007 |p 5037433 |r 2025-03-13 |w 2019-11-23 |y BK |z Catalogado en:20131227 |k ART | ||